00000000nam##2200000za#4500
0019.640904
003CaOODSP
00520210624222909
007cr |||||||||||
008150407|2006||||xxc|||||o    f|0| 0 fre|d
040 |aCaOODSP|bfre
043 |an-cn---
0861 |aSD18-8/2006F-PDF
1101 |aCanada. |bService Canada.
24510|aSécurité de la vieillesse - prestations destinées aux aînés à faible revenu |h[ressource électronique]
260 |aOttawa - Ontario : |bService Canada |cMars 2006.
300 |a40p.|btableaux
500 |aLe n° de catalogue (SD18-8/2006F) et l'ISBN (0-662-71069-X) de l'édition imprimée ont été incorrectement copiés dans l'édition électronique.
590 |a12-40-Supp|b2012-10-23
69107|aPension|2gcpds
69107|aVieillesse|2gcpds
77508|tOld age security - benefits for low-income seniors |w(CaOODSP)9.696801
85640|ahttp://publications.gc.ca|qPDF|s332 Ko|uhttps://publications.gc.ca/collections/collection_2012/rhdcc-hrsdc/SD18-8-2006-fra.pdf
986 |aISPB-341-03-06F